• 首页
  • 本馆介绍
  • 公告通知
  • 最新文献
  • 馆藏检索
  • 电子资源
  • 读者导购
  • 参考咨询
  • 我的图书馆
  • 登录
  • 详细信息显示
  • 放入我的书架
  • 预约/预借图书
  • 作者相关作品
  • 分类相关作品
  • 丛书相关作品
  • 出版社相关作品

书目信息

  • 表格格式
  • 工作单格式
  • 卡片格式
题名:
布哈林与布尔什维克革命
    
 
作者: 科恩 著 ;徐葵 译
分册:  
出版信息: 北京   人民出版社  1982.09
页数: 597页
开本: 21cm
丛书名:
单 册:
中图分类: D751.20
科图分类:
主题词: 政治--概况--苏联
电子资源:
ISBN:
000 00786nam0 2200241 45
001 0189027573
005 20060818155317.50
010    @dCNY1.90
091    @a3001.1790
100    @a19911017d1982 m y0chiy0120 ea
101 1  @achi@ceng
102    @aCN@b110000
105    @ay z 000yy
200 10 @a布哈林与布尔什维克革命@Abu ha lin yu bu er shi wei ke ge ming@e政治传记(1888-1938)@EZheng Zhi Zhuan Ji(1888-1938)@f(美)斯蒂芬·F·科恩著@F(Mei)Si Di Fen·F·Ke En Zhu@g徐葵等译
210    @c人民出版社@a北京@d1982.09
215    @a597页@d21cm
517    @a政治传记(1888-1938)@AZheng Zhi Zhuan Ji(1888-1938)
606 0  @a政治@x概况@y苏联
690    @aD751.20@v3
701  0 @a科恩@4著
702  0 @a徐葵@Axu kui@4译
801  0 @aCN@bNLC@c20060818
905    @dD751.20@e124@f1@b178500
    
    布哈林与布尔什维克革命:政治传记(1888-1938)/(美)斯蒂芬·F·科恩著/徐葵等译.-人民出版社;北京,1982.09
    597页;21cm
    
    
    ISBN :CNY1.90
    
●
相关链接 在E读中查询图书 在五车中查询图书 在当当中查询图书 在豆瓣中查询图书


正题名:布哈林与布尔什维克革命     索取号:D751.20/124         预约/预借

序号 登录号 条形码 馆藏地/架位号 状态 备注
1 0178499   001013049   第一借阅区/ [索取号:D751.20/124] 在馆    
2 0425677   204256777   密集书库/ [索取号:D751.20/124] 在馆    
3 0441111   204411118   密集书库/ [索取号:D751.20/124] 在馆    
4 0441194   204411948   密集书库/ [索取号:D751.20/124] 在馆    
5 0469216   204692163   密集书库/ [索取号:D751.20/124] 在馆    
唐山师范学院图书馆 欢迎您!
大连网信软件有限公司© 版权所有